00811 a2200181 4500001000700000020001800007040003200025100002000057245003800077250001000115260001600125300003400141362000900175490001800184520039300202650002400595650001000619125565 a9788576751694 cEscola Canadense de Niteroi aSerrano, Sergio10aRaimundo E a Menor Banda Do Mundo a1.ed. aSão Paulo a48 p.bil.c8 x 11.6 x 0.6 cm0 a20070 aBarco a vapor aRaimundo mora sozinho no topo de uma montanha. Seus melhores e únicos amigos são os pássaros e o eco da montanha, com os quais aprende a fazer música. Certo dia, ele constrói uma geringonça musical e, entusiasmado, sai estrada afora tocando sem parar. Raimundo chega a uma pequena cidade do interior, onde descobertas e amizades o farão deixar de ser a menor banda do mundo. 4aLiteratura Infantil 4aArtes